| 000 | 01713cam a22002054a 4500 | ||
|---|---|---|---|
| 005 | 20250605164406.0 | ||
| 008 | 250528s ||||||||||||||||||||||||d | ||
| 035 | _a24817 | ||
| 040 |
_aGR-AtMCL _bgre _dGR-AtMCL _eAACR2 |
||
| 245 | 1 | _aΕισαγωγή στην Ανάλυση Δεδομένων / Ποσοτικές, Ποιοτικές και Μεικτές Μέθοδοι | |
| 260 |
_bGutenberg, _c2021 |
||
| 300 | _a464 | ||
| 520 | _aΕισαγωγή, Εισαγωγή στα Δεδομένα, Πώς να Σκεφτόμαστε σαν Αναλυτές Δεδομένων, Εύρεση και Συλλογή και Οργάνωση Δεδομένων, Εισαγωγή στην Ανάλυση Ποσοτικών Δεδομένων, Εφαρμογές της Ανάλυσης Ποσοτικών Δεδομένων: Συσχετίσεις και Έλεγχοι t και Έλεγχοι x2, Εισαγωγή στην Ανάλυση Ποιοτικών Δεδομένων, Εφαρμογή της Ανάλυσης Ποιοτικών Δεδομένων, Εισαγωγή στις Μεικτές Μεθόδους: Πώς Συνδυάζουμε τις Μεθόδους Ανάλυσης Ποσοτικών και Ποιοτικών Δεδομένων, Δημοσιοποιηση των Ευρημάτων και Οπτικοποίηση των Δεδομένων, Επίλογος: Πώς να Γίνετε Αναλυτές Δεδομένων, Γλωσσάρι, Βιβλιογραφία, Ευρετήριο. | ||
| 700 | 1 |
_aBergin Tiffany _99547 |
|
| 700 | 1 |
_aΑϊδίνης Αθανάσιος _99548 |
|
| 700 | 1 |
_aΜπικουβαράκης Ανδρέας _99549 |
|
| 942 | _cBK | ||
| 999 |
_c9662 _d9662 |
||